000 00440nam a2200145Ia 4500
008 100122s9999 xx 000 0 und d
082 _b60439
_a920.054
100 _aसामंत बाळ
245 _aदोन घडीचा डाव
260 _bजतिन रांगणेकर
_c2001
300 _a140
630 _aदोन घडीचा डाव
730 _aदोन घडीचा डाव
942 _cBOOK
999 _c435593
_d435590